[Event "IRI-ch (Women)"]
[Site "Kermanshah"]
[Date "2022.03.05"]
[Round "8"]
[White "Parvizi, Anita"]
[Black "Ghomi, Parnian"]
[Result "0-1"]
[WhiteElo "1693"]
[BlackElo "2026"]
[PlyCount "94"]
[EventDate "2022.02.28"]
[EventType "tourn"]
[EventRounds "11"]
[EventCountry "IRI"]
[SourceTitle "EXT 2023"]
[Source "ChessBase"]
[SourceDate "2022.10.05"]
[SourceVersion "1"]
[SourceVersionDate "2022.10.05"]
[SourceQuality "1"]

1. e4 e6 2. d4 d5 3. Bd3 c5 4. exd5 exd5 5. Nf3 c4 6. Be2 Nf6 7. b3 cxb3 8. axb3 Nc6 9. 0-0 Bd6 10. c4 0-0 11. Bg5 Be7 12. Nc3 Ne4 13. Bxe7 Nxe7 14. Qc2 Nxc3 15. Qxc3 Ng6 16. Qd2 Qd6 17. Ra5 Nf4 18. c5 Qf6 19. Rfa1 a6 20. Bd3 Nh3+ 21. Kf1 Nf4 22. b4 Qh6 23. Kg1 Bg4 24. Qe3 f6 25. Ne1 Rfe8 26. Qg3 Be2 27. Bc2 Bd1 28. Kf1 Rxe1+ 29. Kxe1 Bxc2 30. R5a3 Be4 31. f3 Bg6 32. Rd1 Re8+ 33. Kf1 Bd3+ 34. Kf2 Re2+ 35. Kg1 Rxg2+ 36. Qxg2 Nxg2 37. Raxd3 Ne3 38. R1d2 Qg5+ 39. Kf2 Nf5 40. Re2 Qf4 41. Kg2 Nh4+ 42. Kf2 Qxh2+ 43. Ke3 Nf5+ 44. Kd2 Qf4+ 45. Kc3 h5 46. b5 axb5 47. Kb4 Nxd4 0-1

[Event "Asia Club-ch Hybrid"]
[Site "Tornelo INT"]
[Date "2021.11.03"]
[Round "1.5"]
[White "Azali, Tannaz"]
[Black "Parvizi, Anita"]
[Result "1/2-1/2"]
[WhiteElo "2080"]
[BlackElo "1680"]
[PlyCount "130"]
[EventDate "2021.11.03"]
[EventType "team-swiss"]
[EventRounds "9"]
[EventCountry "NET"]
[SourceTitle "CBM 205 Extra"]
[Source "ChessBase"]
[SourceDate "2022.01.31"]
[SourceVersion "1"]
[SourceVersionDate "2022.01.31"]
[SourceQuality "1"]
[WhiteTeam "Pyramid"]
[BlackTeam "Fars Youth"]
[WhiteTeamCountry "IRI"]
[BlackTeamCountry "IRI"]

1. d4 Nf6 2. c4 g6 3. h4 Bg7 4. Nc3 d5 5. h5 c6 6. h6 Bf8 7. Nf3 Bg4 8. Ne5 Be6 9. cxd5 cxd5 10. Qa4+ Bd7 11. Qb3 Qb6 12. Qxb6 axb6 13. Nxd7 Nbxd7 14. Nb5 Rc8 15. Bf4 Nh5 16. Bd2 f5 17. Rh3 Ndf6 18. Rc1 Rxc1+ 19. Bxc1 e6 20. a3 Ne4 21. Rb3 Kd7 22. f3 Nef6 23. Nc3 Kc7 24. Na4 Nd7 25. g4 fxg4 26. fxg4 Nhf6 27. g5 Ne4 28. Bh3 Be7 29. Bxe6 Bxg5 30. Bxg5 Nxg5 31. Bxd5 Re8 32. Rc3+ Kb8 33. Rb3 Ne4 34. Re3 Nef6 35. Rxe8+ Nxe8 36. Bf7 Nef6 37. Nc3 Nf8 38. Nd5 Ng4 39. Nxb6 Nxh6 40. Bd5 Nf5 41. Nc4 Nxd4 42. Kd2 Kc7 43. Ke3 Nde6 44. Ke4 b5 45. Nd2 Kd6 46. Ba2 Nc5+ 47. Kf3 Ke5 48. Bb1 Nfe6 49. b4 Na4 50. Ne4 Nb6 51. Bd3 Nd4+ 52. Kf2 Nc4 53. Ng5 Nxa3 54. Nxh7 Nc6 55. Bxg6 Nxb4 56. Nf8 Nd5 57. Nd7+ Kd6 58. Nf8 b4 59. Nh7 b3 60. Ng5 b2 61. Ne4+ Ke5 62. Nd2 Nc3 63. Ke3 b1Q 64. Nxb1 Naxb1 65. Bxb1 Nxe2 1/2-1/2

[Event "IRI-chT S2 17th"]
[Site "Tehran"]
[Date "2019.04.17"]
[Round "5.1"]
[White "Parvizi, Anita"]
[Black "Zahedifar, Anahita"]
[Result "0-1"]
[WhiteElo "1505"]
[BlackElo "2185"]
[PlyCount "62"]
[EventDate "2019.04.15"]
[EventType "team-swiss"]
[EventRounds "7"]
[EventCountry "IRI"]
[SourceTitle "CBM 189 Extra"]
[Source "ChessBase"]
[SourceDate "2019.06.03"]
[SourceVersion "1"]
[SourceVersionDate "2019.06.03"]
[SourceQuality "1"]
[WhiteTeam "Larestan"]
[BlackTeam "Tehran Saipa"]
[WhiteTeamCountry "IRI"]
[BlackTeamCountry "IRI"]

1. e4 c6 2. d4 d5 3. e5 Bf5 4. g4 Be4 5. f3 Bg6 6. h4 h5 7. e6 Qd6 8. exf7+ Bxf7 9. Ne2 Nd7 10. g5 e5 11. dxe5 Nxe5 12. Nd4 0-0-0 13. Bh3+ Kb8 14. 0-0 Nc4 15. f4 c5 16. Nf5 Qb6 17. b3 Nd6 18. Nxd6 Bxd6 19. Bb2 d4 20. Nd2 Bd5 21. Bg2 Bxg2 22. Kxg2 Ne7 23. Nc4 Qc7 24. Nxd6 Qxd6 25. Rf3 Nf5 26. Kh3 Qd7 27. Qg1 Rhe8 28. Rc1 Re2 29. Rf2 Re3+ 30. Kh2 Nxh4 31. Qf1 Qg4 0-1